Computer ethics (Record no. 178134)
[ view plain ]
| 000 -LEADER | |
|---|---|
| fixed length control field | 00373nam a2200157Ia 4500 |
| 008 - FIXED-LENGTH DATA ELEMENTS--GENERAL INFORMATION | |
| fixed length control field | 231217s9999 xx 000 0 und d |
| 020 ## - INTERNATIONAL STANDARD BOOK NUMBER | |
| International Standard Book Number | 817808306X |
| 041 ## - LANGUAGE CODE | |
| Language code of text/sound track or separate title | English |
| 082 ## - DEWEY DECIMAL CLASSIFICATION NUMBER | |
| Classification number | 001.6424 JOH;11 |
| 100 ## - MAIN ENTRY--PERSONAL NAME | |
| Personal name | Johnson, Deborah G |
| 245 #0 - TITLE STATEMENT | |
| Title | Computer ethics |
| 250 ## - EDITION STATEMENT | |
| Edition statement | 3rd ed. |
| 260 ## - PUBLICATION, DISTRIBUTION, ETC. | |
| Date of publication, distribution, etc. | 2001 |
| Name of publisher, distributor, etc. | Addison-Wesley |
| Place of publication, distribution, etc. | New Delhi |
| 300 ## - PHYSICAL DESCRIPTION | |
| Extent | 491 |
| 942 ## - ADDED ENTRY ELEMENTS (KOHA) | |
| Koha item type | Books |
| Date last seen | Total checkouts | Full call number | Accession number | Price effective from | Category | Public note | Lost status | Damaged status | Department | Withdrawn status | Home library | Current library | Shelving location | Entry date | Vendor | Grants | Billdate | Currency symbol | Conversion rate | Discount | Old discount |
|---|---|---|---|---|---|---|---|---|---|---|---|---|---|---|---|---|---|---|---|---|---|
| 26/01/2024 | 001.6424 JOH;11 | 43006 | 26/01/2024 | Books | Xerox copy | Information Science | Central Library | Central Library | Central Library | 08/09/2006 | Publisher | IS | 27/08/2008 | RS | 1 | ||||||
| 26/01/2024 | 001.6424 JOH;12 | 43007 | 26/01/2024 | Books | Xerox copy | Information Science | Central Library | Central Library | Central Library | 08/09/2006 | Publisher | IS | 27/08/2008 | RS | 1 |
